| 000 | 00703nam a22001937a 4500 | ||
|---|---|---|---|
| 005 | 20170605102523.0 | ||
| 020 |
_a9788131529812 _c650.00 |
||
| 035 | _aB-669702 | ||
| 037 |
_bAsian Book Centre/Ven _adpl |
||
| 082 | _a530 | ||
| 100 | _aSharma, B.M. | ||
| 245 |
_aPhysics for joint entrance examination JEE (Advanced) : _cby B.M.Sharma _bmechanics I / |
||
| 250 | _a2nd ed | ||
| 260 |
_c2016 _aDelhi _bCengage Learning |
||
| 270 |
_a418, F.I.E, Patparganj _bDelhi _e110092 |
||
| 300 |
_c28cm(pbk) _avarious pagings : _bill. |
||
| 942 |
_cEN _2ddc _mSHA _h530 |
||
| 999 |
_c140726 _d140726 |
||